Los Catálogos de libros como fuente para la historia cultural de Costa Rica en el siglo XIX /
Збережено в:
| Автор: | |
|---|---|
| Формат: | Невідомо |
| Мова: | Spanish |
| Опубліковано: |
San José, Costa Rica :
Universidad de Costa Rica. Centro de Investigaciones Históricas,
1992.
|
| Предмети: | |
| Теги: |
Додати тег
Немає тегів, Будьте першим, хто поставить тег для цього запису!
|
MARC
| LEADER | 000000000a22000000004500 | ||
|---|---|---|---|
| 001 | 002923 | ||
| 041 | 0 | |a spa | |
| 082 | 0 | 4 | |a R 017 |b M722c CENTRO DE INVESTIGACIONES HISTORICAS |
| 100 | 1 | |a Molina Jiménez, Iván, |d 1961- | |
| 245 | 1 | 4 | |a Los Catálogos de libros como fuente para la historia cultural de Costa Rica en el siglo XIX / |c Iván Molina Jiménez. |
| 260 | 1 | |a San José, Costa Rica : |b Universidad de Costa Rica. Centro de Investigaciones Históricas, |c 1992. | |
| 300 | |a 27 páginas | ||
| 500 | |a En: Colección Centro de Investigaciones Históricas No. 14 | ||
| 650 | 4 | |a CATALOGOS DE BIBLIOTECAS | |
| 650 | 4 | |a HISTORIA | |
| 650 | 4 | |a FUENTES | |
| 650 | 4 | |a CATALOGOS DE LIBRERIAS | |
| 650 | 4 | |a COSTA RICA | |
| 650 | 4 | |a SIGLO XX | |
| 999 | |c 9253 |d 9253 | ||
| 942 | |c BK |h R 017 M722c CENTRO DE INVESTIGACIONES HISTORICAS |2 z | ||
